Statistics for 南京地铁S1号线

Click here to take the quiz!

General Stats

  • This quiz has been taken 10 times
  • The average score is 8 of 9

Answer Stats

换乘线路站名% Correct
1、3、S3南京南站
100%
翔宇路北
100%
S9翔宇路南
100%
S7空港新城江宁
100%
5吉印大道
89%
禄口机场
89%
正方中路
78%
翠屏山
67%
河海大学·佛城西路
56%

Score Distribution

Percentile by Number Answered

Percent of People with Each Score

Your Score History

You have not taken this quiz